Music Quiz

Random Music Quiz

Tracks on the studio albums by Katy Perry Quiz Stats

 Plays Quiz not verified by Sporcle

Support Sporcle.
Go Orange.
Score 0/47 Timer 10:00
0 Plays Today
Album Track % Correct
One of the Boys '08Hot n Cold
90.3%
Teenage Dream '10Teenage Dream
90.3%
Prism '13Roar
90.3%
One of the Boys '08I Kissed a Girl
87.1%
Teenage Dream '10Firework
87.1%
Teenage Dream '10Last Friday Night (T.G.I.F.)
83.9%
Teenage Dream '10California Gurls
80.6%
One of the Boys '08One of the Boys
77.4%
Teenage Dream '10E.T.
77.4%
One of the Boys '08Waking Up in Vegas
74.2%
Prism '13Dark Horse
74.2%
Teenage Dream '10The One That Got Away
71%
Prism '13Unconditionally
71%
One of the Boys '08Ur So Gay
67.7%
Teenage Dream '10Peacock
67.7%
One of the Boys '08Thinking of You
61.3%
Teenage Dream '10Circle the Drain
58.1%
Prism '13Birthday
58.1%
Teenage Dream '10Pearl
54.8%
Teenage Dream '10Not Like the Movies
54.8%
Prism '13Legendary Lovers
54.8%
Prism '13Walking on Air
51.6%
Teenage Dream '10Hummingbird Heartbeat
48.4%
Prism '13Ghost
48.4%
Album Track % Correct
Prism '13By the Grace of God
48.4%
One of the Boys '08Mannequin
45.2%
Prism '13This Is How We Do
45.2%
Prism '13International Smile
45.2%
Prism '13Love Me
45.2%
One of the Boys '08If You Can Afford Me
41.9%
One of the Boys '08Lost
41.9%
One of the Boys '08Self Inflicted
41.9%
One of the Boys '08I'm Still Breathing
41.9%
Teenage Dream '10Who Am I Living For?
41.9%
Prism '13This Moment
41.9%
One of the Boys '08Fingerprints
38.7%
Prism '13Double Rainbow
38.7%
Katy Hudson '01Naturally
35.5%
Katy Hudson '01Trust in Me
32.3%
Katy Hudson '01Faith Won't Fail
32.3%
Katy Hudson '01Spit
32.3%
Katy Hudson '01Piercing
29%
Katy Hudson '01Search Me
29%
Katy Hudson '01Last Call
29%
Katy Hudson '01Growing Pains
29%
Katy Hudson '01My Own Monster
29%
Katy Hudson '01When There's Nothing Left
29%

You're not logged in!

Compare scores with friends on all Sporcle quizzes.
OR
Log In

From the Vault

One, Two...Not Three VIII

by Tasi

Schoolhouse Rock lied to you: three isn't the magic number here.
Remove Ads.
Support Sporcle.
Get the best of Sporcle when you Go Orange. This ad-free experience offers more features, more stats, and more fun while also helping to support Sporcle. Thank you for becoming a member.

Show Comments

Extras

Created Oct 25, 2013ReportNominate
Tags:Katy Perry

Top Quizzes Today


Score Distribution

Your Account Isn't Verified!

In order to create a playlist on Sporcle, you need to verify the email address you used during registration. Go to your Sporcle Settings to finish the process.

Report this User

Report this user for behavior that violates our Community Guidelines.

Details: